MARC details
| 000 -CABECERA |
| campo de control de longitud fija |
01119nam a2200277 a 4500 |
| 001 - NÚMERO DE CONTROL |
| campo de control |
000023196 |
| 005 - FECHA Y HORA DE LA ÚLTIMA TRANSACCIÓN |
| campo de control |
20200930022042.0 |
| 008 - DATOS DE LONGITUD FIJA--INFORMACIÓN GENERAL |
| campo de control de longitud fija |
101130k19851987sp 000 0 spa d |
| 020 ## - NÚMERO INTERNACIONAL ESTÁNDAR DEL LIBRO |
| Número Internacional Estándar del Libro |
8424909739 |
| 040 ## - FUENTE DE LA CATALOGACIÓN |
| Centro catalogador/agencia de origen |
DO-SdBNP |
| Lengua de catalogación |
spa |
| Centro/agencia transcriptor |
BNPHU |
| 082 ## - NÚMERO DE LA CLASIFICACIÓN DECIMAL DEWEY |
| Número de clasificación |
xxxx |
| Número de documento/Ítem |
P737o |
| 100 1# - ENTRADA PRINCIPAL--NOMBRE DE PERSONA |
| Nombre de persona |
Plutarco, |
| Fechas asociadas al nombre |
46?-120? |
| 9 (RLIN) |
47747 |
| 245 10 - MENCIÓN DE TÍTULO |
| Título |
Obras morales y de costumbres : |
| Resto del título |
moralia / |
| Mención de responsabilidad, etc. |
Plutarco ; introducciones, traducciones y notas de Concepción Morales Otal, José García López y Francisco Martín García. |
| 260 ## - PUBLICACIÓN, DISTRIBUCIÓN, ETC. |
| Lugar de publicación, distribución, etc. |
Madrid : |
| Nombre del editor, distribuidor, etc. |
Editorial Gredos, |
| Fecha de publicación, distribución, etc. |
1985. |
| 300 ## - DESCRIPCIÓN FÍSICA |
| Extensión |
v. ; |
| Dimensiones |
20 cm. |
| 490 1# - MENCIÓN DE SERIE |
| Mención de serie |
Biblioteca clásica Gredos |
| Designación de volumen o secuencia |
78 |
| 490 1# - MENCIÓN DE SERIE |
| Mención de serie |
Biblioteca clásica Gredos |
| Designación de volumen o secuencia |
109 |
| 500 ## - NOTA GENERAL |
| Nota general |
La biblioteca posee los volúmenes 1 y 4. |
| 500 ## - NOTA GENERAL |
| Nota general |
Incluye notas al pie de las páginas. |
| 500 ## - NOTA GENERAL |
| Nota general |
incluye índice de nombres propios, autores y pasajes citados. |
| 700 1# - PUNTO DE ACCESO ADICIONAL--NOMBRE DE PERSONA |
| Nombre de persona |
Morales Otal, Concepción, |
| Término indicativo de función/relación |
tr. |
| 9 (RLIN) |
47748 |
| 700 1# - PUNTO DE ACCESO ADICIONAL--NOMBRE DE PERSONA |
| Nombre de persona |
García López, José, |
| Término indicativo de función/relación |
tr. |
| 9 (RLIN) |
47749 |
| 700 1# - PUNTO DE ACCESO ADICIONAL--NOMBRE DE PERSONA |
| Nombre de persona |
García, Francisco Martín, |
| Término indicativo de función/relación |
tr. |
| 9 (RLIN) |
47750 |
| 830 #0 - PUNTO DE ACCESO ADICIONAL DE SERIE-TÍTULO UNIFORME |
| Título uniforme |
Biblioteca clásica Gredos ; |
| Designación de volumen o secuencia |
109 |
| 9 (RLIN) |
8642 |
| 830 #0 - PUNTO DE ACCESO ADICIONAL DE SERIE-TÍTULO UNIFORME |
| Título uniforme |
Biblioteca clásica Gredos; |
| Designación de volumen o secuencia |
78 |
| 9 (RLIN) |
8642 |